Statistics for Katy Perry Song Quiz

Click here to take the quiz!

General Stats

  • This quiz has been taken 129 times
  • The average score is 8 of 10

Answer Stats

QuestionAnswer% Correct
Who stars in 'California Gurls'Snoop Dogg
97%
Which song is about Egyptians?Dark Horse
95%
What is the song 'The One That Got Away" about?Losing her boyfriend at 18 and still feeling sad at 80
94%
In 'Hot N Cold', what is the starting scene?A Wedding
89%
Who released 'Feels', a music video in which Katy Perry starred in?Calvin Harris
85%
Which was made first?Roar
85%
In the song 'I Kissed A Girl', what are the first lyrics?This was never the way I planned, not my intention.
84%
When was 'Part Of Me' made?2012
80%
Which of these KP songs is set in the French Revolution?Hey Hey Hey
60%
To the nearest million, how many views has 'This Is How We Do' got on YouTube?706
38%

Score Distribution

Percentile by Number Answered

Percent of People with Each Score

Your Score History

You have not taken this quiz